| 000 | 00392nam a2200145Ia 4500 | ||
|---|---|---|---|
| 008 | 220204s9999 xx 000 0 und d | ||
| 082 |
_a911.2 _bMUL |
||
| 100 | _aMuller, Robert A | ||
| 245 | 0 | _aPhysical geography today: A portrait of a planet | |
| 250 | _aEd.2 | ||
| 260 |
_aUnited States _bRandom _c1978 |
||
| 650 | _aPhysical geography | ||
| 700 | _aOberlander, Theodore M | ||
| 942 | _cBK | ||
| 999 |
_c33393 _d33393 |
||